Normal view
MARC view
- ROBOTICS MECHANICS AND CONTROL
Entry Topical Term
001 - CONTROL NUMBER
- control field: 59166
003 - CONTROL NUMBER IDENTIFIER
- control field: NUST
005 - DATE AND TIME OF LATEST TRANSACTION
- control field: 20210628202304.0
008 - FIXED-LENGTH DATA ELEMENTS
- fixed length control field: 210628|| aca||aabn | a|a d
040 ## - CATALOGING SOURCE
- Original cataloging agency: NUST
- Transcribing agency: NUST
150 ## - HEADING--TOPICAL TERM
- Topical term or geographic name entry element: ROBOTICS MECHANICS AND CONTROL
670 ## - SOURCE DATA FOUND
- Source citation: Work cat.: (NUST): Craig, John J 59165, Introducion to robotics mechanics and control, 1989
